Hudba a pohádka = Music and fairy tale /

Korporativní autor: České muzeum hudby (Praha, Česko)
Další autoři: Moudrý překlad (firma)
Jazyk: Čeština
Angličtina
Vydáno: Praha : Národní muzeum, 2017
Témata:
Fyzický popis: 31 stran : barevné ilustrace, noty, faksimile ; 15 x 21 cm
Language note: Souběžný anglický text
Knihy
Uloženo v:
LEADER 02491nam a2200649 i 4500
001 nkc20172896786
003 CZ PrNK
005 20170824132339.0
007 ta
008 170714s2017 xr agh e c 000 0 cze
020 |a 978-80-7036-528-1 
040 |a ABA001  |b cze  |e rda 
041 1 |a cze  |a eng  |h cze 
043 |a e-xr--- 
045 |a w-x- 
072 7 |a 78  |x Hudba  |2 Konspekt  |9 9 
080 |a 82-34  |2 MRF 
080 |a 82.09-34-052  |2 MRF 
080 |a 7.04  |2 MRF 
080 |a 78.04  |2 MRF 
080 |a 7.07  |2 MRF 
080 |a 82.07  |2 MRF 
080 |a (437.3)  |2 MRF 
080 |a (083.824)  |2 MRF 
245 0 0 |a Hudba a pohádka =  |b Music and fairy tale /  |c překlad: Moudrý překlad, s.r.o. 
246 3 1 |a Music and fairy tale 
264 1 |a Praha :  |b Národní muzeum,  |c 2017 
300 |a 31 stran :  |b barevné ilustrace, noty, faksimile ;  |c 15 x 21 cm 
336 |a text  |b txt  |2 rdacontent 
336 |a statický obraz  |b sti  |2 rdacontent 
337 |a bez média  |b n  |2 rdamedia 
338 |a svazek  |b nc  |2 rdacarrier 
500 |a Název z obálky 
500 |a Doprovodná publikace k výstavě Českého muzea hudby 
546 |a Souběžný anglický text 
648 7 |a 19.-20. století  |7 ch757015  |2 czenas 
650 0 7 |a pohádky  |7 ph124208  |2 czenas 
650 0 7 |a pohádkové postavy  |7 ph249609  |2 czenas 
650 0 7 |a náměty, témata a motivy  |7 ph138485  |z Česko  |y 19.-20. století  |2 czenas 
650 0 7 |a hudební náměty  |7 ph138890  |z Česko  |y 19.-20. století  |2 czenas 
650 0 7 |a umělecká inspirace  |7 ph180931  |z Česko  |y 19.-20. století  |2 czenas 
650 0 7 |a interpretace a přijetí literárního díla  |7 ph137145  |z Česko  |y 19.-20. století  |2 czenas 
650 0 9 |a fairy tales  |2 eczenas 
650 0 9 |a fairy tale characters  |2 eczenas 
650 0 9 |a themes and motives  |z Czechia  |y 19th-20th centuries  |2 eczenas 
650 0 9 |a music themes  |z Czechia  |y 19th-20th centuries  |2 eczenas 
650 0 9 |a inspiration in art  |z Czechia  |y 19th-20th centuries  |2 eczenas 
650 0 9 |a interpretation and reception of literature  |z Czechia  |y 19th-20th centuries  |2 eczenas 
655 7 |a katalogy výstav  |7 fd132536  |2 czenas 
655 9 |a exhibition catalogs  |2 eczenas 
710 2 |a České muzeum hudby (Praha, Česko)  |7 ko2004175709  |4 orm 
710 2 |a Moudrý překlad (firma)  |7 ko2016900238  |4 trl 
910 2 |a BOA001  |b 2-1392.095 
990 |a BK 
995 |a 11 
991 |b 201707  |c NOV 
996 6 |b 2610713546  |c 2-1392.095  |l MZK  |r Sklad / do 1 hodiny  |n 1  |p p.v.  |w 001620109  |u 000010  |a 1  |e BOA001  |j MZK50  |s P